| 000 | 00677nam a2200181Ia 4500 | ||
|---|---|---|---|
| 008 | 090630s9999 xx 000 0 und d | ||
| 082 | _b21038 | ||
| 100 | _aपुंडलिक शास्त्री. | ||
| 245 |
_aश्री गणेश पूजा. _cपुंडलिक शास्त्री. |
||
| 260 |
_bअनिकेत - पुणे. _c2001 |
||
| 300 | _a32 | ||
| 600 | _aपुंडलिक शास्त्री. | ||
| 630 | _aश्री गणेश पूजा. | ||
| 655 | _aधार्मिक. | ||
| 700 | _aपुंडलिक शास्त्री. | ||
| 730 | _aश्री गणेश पूजा. | ||
| 942 | _cBOOK | ||
| 999 |
_c272894 _d272894 |
||